00305nam a2200097Ia 4500008004100000082001900041100002800060245007900088260003100167300000900198210430s9999 xx 000 0 und d a620.11 C 141 F aWilliam D.Callister ,jr aFundamentals of Materials Science And EngineeringcWilliam D.Callister ,jr aAmericabjohn Wiley c2001 a524p